[Event "RUS-chT U26"]
[Site "Belgorod"]
[Date "2008.10.05"]
[Round "1"]
[White "Yuzhakov, Oleg"]
[Black "Gulinina, Nadezhda"]
[Result "1-0"]
[WhiteElo "2279"]
[BlackElo "1884"]
[PlyCount "55"]
[EventDate "2008.10.05"]
[EventType "team"]
[EventRounds "9"]
[EventCountry "RUS"]
[SourceTitle "EXT 2010"]
[Source "ChessBase"]
[SourceDate "2010.11.25"]
[SourceVersion "1"]
[SourceVersionDate "2010.11.25"]
[SourceQuality "1"]

1. d4 Nf6 2. c4 g6 3. Nc3 Bg7 4. e4 d6 5. f4 0-0 6. Nf3 c5 7. d5 e6 8. Bd3 exd5 9. cxd5 a6 10. 0-0 b5 11. h3 Re8 12. Re1 Bb7 13. Bc2 b4 14. Na4 Nbd7 15. Nd2 a5 16. Nc4 Qc7 17. Bd2 Ba6 18. b3 Bxc4 19. bxc4 Re7 20. Qf3 Rae8 21. Rad1 Qb8 22. g4 h6 23. Kg2 Nh7 24. h4 Qd8 25. g5 f6 26. e5 fxe5 27. Bxg6 Rf8 28. Qd3 1-0

[Event "RUS-chT Clubs U18"]
[Site "Rybinsk"]
[Date "2008.08.05"]
[Round "4"]
[White "Gulinina, Nadezhda"]
[Black "Sokolova, Vera Evgenyevna"]
[Result "0-1"]
[WhiteElo "1916"]
[BlackElo "2084"]
[PlyCount "70"]
[EventDate "2008.08.02"]
[EventType "team"]
[EventRounds "9"]
[EventCountry "RUS"]
[SourceTitle "CBM 125 Extra"]
[Source "ChessBase"]
[SourceDate "2008.09.01"]
[SourceVersion "1"]
[SourceVersionDate "2008.09.01"]
[SourceQuality "1"]

1. e4 c5 2. Nf3 Nc6 3. Bb5 g6 4. 0-0 Bg7 5. c3 e5 6. d3 a6 7. Ba4 b5 8. Bb3 Nf6 9. Bg5 Qb6 10. h3 0-0 11. Re1 h6 12. Be3 Ne8 13. Bd5 Nc7 14. Bxc6 Qxc6 15. d4 d6 16. Nbd2 f5 17. exf5 gxf5 18. Nf1 Bb7 19. dxe5 dxe5 20. N1h2 f4 21. Bc1 e4 22. Nh4 f3 23. Be3 Rad8 24. Qb3+ c4 25. Qb4 Qf6 26. Qc5 Nd5 27. g3 Qe6 28. Bd4 Bxd4 29. Qxd4 Nf4 30. Qc5 Rd5 31. Qc7 Nxh3+ 32. Kf1 Rd2 33. Re3 Rxf2+ 34. Ke1 Rxh2 35. Qxb7 f2+ 0-1

[Event "RUS Cup tt"]
[Site "Miass"]
[Date "2007.11.26"]
[Round "9"]
[White "Gulinina, Nadezhda"]
[Black "Shimanova, Olga"]
[Result "0-1"]
[WhiteElo "1904"]
[BlackElo "1832"]
[PlyCount "88"]
[EventDate "2007.11.19"]
[EventType "swiss"]
[EventRounds "10"]
[EventCountry "RUS"]
[SourceTitle "CBM 121 Extra"]
[Source "ChessBase"]
[SourceDate "2008.01.10"]
[SourceVersion "1"]
[SourceVersionDate "2008.01.10"]
[SourceQuality "1"]

1. Nf3 d5 2. g3 g6 3. Bg2 Bg7 4. d3 e6 5. Nbd2 Ne7 6. 0-0 c5 7. e4 Nbc6 8. Re1 0-0 9. Qe2 b6 10. Nf1 Ba6 11. e5 h6 12. h4 Nd4 13. Qd1 Nec6 14. N1h2 Nxf3+ 15. Nxf3 Qc7 16. Bf4 Rac8 17. Qd2 Kh7 18. c3 d4 19. c4 Bb7 20. Qe2 a6 21. Nh2 Ne7 22. Bxb7 Qxb7 23. g4 b5 24. b3 bxc4 25. bxc4 Rb8 26. Rad1 Qb2 27. Rd2 Qa3 28. Nf3 Rb6 29. h5 gxh5 30. g5 Ng6 31. Qe4 hxg5 32. Nxg5+ Kg8 33. Rc2 Rfb8 34. Kh2 Qa4 35. Rcc1 Qc6 36. Nh3 Qxe4 37. Rxe4 Rb2 38. Rg1 Rxa2 39. Bc1 Rb3 40. Rg2 Kf8 41. Ng5 Bxe5+ 42. f4 Rxg2+ 43. Kxg2 Bf6 44. Nh3 Rxd3 0-1

[Event "RUS Cup tt"]
[Site "Miass"]
[Date "2007.11.24"]
[Round "6"]
[White "Gulinina, Nadezhda"]
[Black "Ognerubova, Anastasia"]
[Result "0-1"]
[WhiteElo "1904"]
[BlackElo "1928"]
[PlyCount "56"]
[EventDate "2007.11.19"]
[EventType "swiss"]
[EventRounds "10"]
[EventCountry "RUS"]
[SourceTitle "CBM 121 Extra"]
[Source "ChessBase"]
[SourceDate "2008.01.10"]
[SourceVersion "1"]
[SourceVersionDate "2008.01.10"]
[SourceQuality "1"]

1. Nf3 d5 2. g3 c5 3. Bg2 Nc6 4. d3 e5 5. 0-0 g6 6. Nbd2 Bg7 7. e4 d4 8. a4 Nge7 9. Nc4 0-0 10. Nfd2 Be6 11. h3 f5 12. f4 exf4 13. gxf4 Qd7 14. Kh2 Rae8 15. e5 g5 16. Nb3 b6 17. a5 Bxc4 18. dxc4 gxf4 19. Bxf4 Nxe5 20. Rg1 N7g6 21. Bd5+ Kh8 22. Qf1 Nxf4 23. Qxf4 Ng6 24. Qf2 Qd6+ 25. Kh1 Re3 26. Qg2 Qe5 27. Qh2 Qxh2+ 28. Kxh2 Be5+ 0-1

[Event "Tula Region-ch (Women)"]
[Site "Tula"]
[Date "2007.09.15"]
[Round "1"]
[White "Gulinina, Nadezhda"]
[Black "Kosolapova, Lilia"]
[Result "1-0"]
[WhiteElo "1902"]
[BlackElo "1919"]
[PlyCount "121"]
[EventDate "2007.09.15"]
[EventType "swiss"]
[EventRounds "9"]
[EventCountry "RUS"]
[SourceTitle "EXT 2009"]
[Source "ChessBase"]
[SourceDate "2008.11.26"]
[SourceVersion "1"]
[SourceVersionDate "2008.11.26"]
[SourceQuality "1"]

1. Nf3 Nf6 2. g3 g6 3. Bg2 Bg7 4. d3 0-0 5. 0-0 d6 6. e4 e5 7. Nc3 Nbd7 8. Bd2 c6 9. Qc1 Re8 10. Bh6 Qb6 11. Bxg7 Kxg7 12. Nd2 Qc7 13. a4 Nh5 14. Qd1 Ndf6 15. h3 Be6 16. Kh2 a6 17. a5 d5 18. Rh1 Rad8 19. Qe1 Rh8 20. Nf3 d4 21. Ne2 Kg8 22. Qd2 h6 23. Nh4 Ng7 24. Kg1 g5 25. Nf3 c5 26. g4 c4 27. Ng3 Nd7 28. Bf1 cxd3 29. cxd3 Rc8 30. Qb4 Ne8 31. Nf5 Bxf5 32. exf5 Nd6 33. h4 gxh4 34. Rxh4 Kg7 35. Re1 f6 36. Nh2 Qc5 37. Qd2 Qc2 38. Qb4 Nc5 39. Nf3 Rhd8 40. Re2 Qb3 41. Qd2 Rh8 42. Nxe5 fxe5 43. f6+ Kg6 44. Rxe5 Nf7 45. Reh5 Ng5 46. Qf4 Qe6 47. Bg2 Qxf6 48. Rxh6+ Rxh6 49. Rxh6+ Kxh6 50. Qxf6+ Kh7 51. Qxg5 Rc7 52. Qf5+ Kg8 53. Bd5+ Kg7 54. Qe5+ Kg6 55. Qxc7 Na4 56. Qd6+ Kg5 57. Qe5+ Kg6 58. Qf5+ Kg7 59. g5 Nxb2 60. Qf6+ Kh7 61. Qh6# 1-0

[Event "Tula schev"]
[Site "Tula"]
[Date "2007.07.26"]
[Round "9"]
[White "Ponomarenko, Viktor"]
[Black "Gulinina, Nadezhda"]
[Result "1-0"]
[WhiteElo "2205"]
[BlackElo "1902"]
[PlyCount "81"]
[EventDate "2007.07.16"]
[EventType "schev"]
[EventRounds "10"]
[EventCountry "RUS"]
[SourceTitle "EXT 2009"]
[Source "ChessBase"]
[SourceDate "2008.11.26"]
[SourceVersion "1"]
[SourceVersionDate "2008.11.26"]
[SourceQuality "1"]

1. d4 Nf6 2. c4 g6 3. Nc3 Bg7 4. e4 d6 5. Be2 Nbd7 6. Nf3 e5 7. 0-0 0-0 8. Be3 a6 9. Rc1 h6 10. Nd2 Nh7 11. Nb3 f5 12. f3 f4 13. Bf2 g5 14. d5 h5 15. c5 Ndf6 16. cxd6 cxd6 17. Na4 Nd7 18. Kh1 Rf6 19. Nd2 Rg6 20. Rg1 Nhf6 21. Qc2 Ne8 22. b4 g4 23. g3 fxg3 24. Rxg3 Bh6 25. fxg4 Bf4 26. Rgg1 hxg4 27. Bxg4 Kh8 28. Bf5 Rh6 29. Rg2 Ng7 30. Bg4 Qf8 31. Bg3 Nh5 32. Bxh5 Rxh5 33. Bxf4 exf4 34. Rcg1 Nf6 35. Nb6 Bh3 36. Rg6 Ng4 37. Nf3 Re8 38. R6xg4 Bxg4 39. Rxg4 Qf6 40. Nd7 Qa1+ 41. Rg1 1-0

[Event "Tula schev"]
[Site "Tula"]
[Date "2007.07.24"]
[Round "7"]
[White "Manaenkov, Vladimir Nikolaevic"]
[Black "Gulinina, Nadezhda"]
[Result "1-0"]
[WhiteElo "2241"]
[BlackElo "1902"]
[PlyCount "65"]
[EventDate "2007.07.16"]
[EventType "schev"]
[EventRounds "10"]
[EventCountry "RUS"]
[SourceTitle "EXT 2009"]
[Source "ChessBase"]
[SourceDate "2008.11.26"]
[SourceVersion "1"]
[SourceVersionDate "2008.11.26"]
[SourceQuality "1"]

1. d4 Nf6 2. Bg5 d6 3. Bxf6 exf6 4. c4 g6 5. Nc3 Bg7 6. e3 0-0 7. g3 Nc6 8. Bg2 Bd7 9. Nge2 Qc8 10. Nf4 Re8 11. 0-0 Ne7 12. b4 Bg4 13. Qd2 g5 14. Nfd5 Nxd5 15. Nxd5 c6 16. Nc3 Bh3 17. a4 Bxg2 18. Kxg2 f5 19. Rad1 Qe6 20. Qd3 Rac8 21. Rfe1 d5 22. c5 Qf6 23. f3 Rcd8 24. f4 g4 25. b5 h5 26. a5 cxb5 27. Nxb5 Bf8 28. Rb1 Rd7 29. Nxa7 Ra8 30. Rb6 Qd8 31. c6 bxc6 32. Nxc6 Qc8 33. Qxf5 1-0

[Event "RUS Central Region-ch (Women) "]
[Site "Tula"]
[Date "2007.03.24"]
[Round "8"]
[White "Yuganova, Marina"]
[Black "Gulinina, Nadezhda"]
[Result "1/2-1/2"]
[WhiteElo "1900"]
[BlackElo "1859"]
[PlyCount "66"]
[EventDate "2007.03.17"]
[EventType "swiss"]
[EventRounds "9"]
[EventCountry "RUS"]
[SourceTitle "EXT 2010"]
[Source "ChessBase"]
[SourceDate "2010.11.25"]
[SourceVersion "1"]
[SourceVersionDate "2010.11.25"]
[SourceQuality "1"]

1. c4 Nf6 2. Nf3 g6 3. g3 Bg7 4. Bg2 d6 5. Nc3 0-0 6. 0-0 e5 7. d3 Nbd7 8. Bd2 Re8 9. Rb1 Nf8 10. Qc1 h5 11. Nh4 Ne6 12. b4 c6 13. Nf3 Bd7 14. Ne4 Nxe4 15. dxe4 Nd4 16. Re1 Rb8 17. Bh6 Bh8 18. Qd2 Be6 19. Rbc1 d5 20. Nxd4 exd4 21. cxd5 cxd5 22. Bf4 Ra8 23. Bc7 Qd7 24. e5 Rac8 25. Bd6 Rc4 26. f4 Rec8 27. Bc5 Qb5 28. a3 b6 29. Bxd4 Rxc1 30. Rxc1 Rxc1+ 31. Qxc1 Qxe2 32. h3 Bg7 33. a4 Qd3 1/2-1/2

[Event "RUS Central Region-ch (Women) "]
[Site "Tula"]
[Date "2007.03.23"]
[Round "7"]
[White "Gulinina, Nadezhda"]
[Black "Kosolapova, Lilia"]
[Result "1-0"]
[WhiteElo "1859"]
[BlackElo "1910"]
[PlyCount "103"]
[EventDate "2007.03.17"]
[EventType "swiss"]
[EventRounds "9"]
[EventCountry "RUS"]
[SourceTitle "EXT 2010"]
[Source "ChessBase"]
[SourceDate "2010.11.25"]
[SourceVersion "1"]
[SourceVersionDate "2010.11.25"]
[SourceQuality "1"]

1. Nf3 Nf6 2. g3 g6 3. Bg2 Bg7 4. d3 d6 5. 0-0 0-0 6. e4 e5 7. Nbd2 Nbd7 8. Re1 Nc5 9. b4 Ne6 10. Bb2 Nd7 11. Nh4 c6 12. Nc4 Nb6 13. Ne3 Na4 14. Bc1 Bd7 15. c4 b5 16. Bd2 a6 17. Qc1 Nd4 18. Nf3 Nxf3+ 19. Bxf3 Qc8 20. Rb1 f5 21. exf5 gxf5 22. Ng2 Qe8 23. h4 Kh8 24. Qd1 Qd8 25. Rc1 Rc8 26. Bh5 Be8 27. Rc2 Bxh5 28. Qxh5 Qd7 29. Bg5 Bf6 30. f4 Bxg5 31. hxg5 Qg7 32. Nh4 Kg8 33. Rh2 Rc7 34. fxe5 dxe5 35. Rhe2 bxc4 36. dxc4 e4 37. g6 hxg6 38. Nxg6 Rf6 39. Nf4 Rc8 40. Rg2 Qh7 41. Qd1 Nb6 42. Qd4 Nd7 43. Rd1 Rf7 44. g4 Kf8 45. Ne6+ Ke8 46. Ng5 Qg8 47. Nxf7 Qxf7 48. gxf5 Rd8 49. Qxe4+ Kf8 50. Qxc6 Qe7 51. Qh6+ Ke8 52. Rg8+ 1-0

[Event "RUS Central Region-ch (Women) "]
[Site "Tula"]
[Date "2007.03.17"]
[Round "6"]
[White "Gulinina, Nadezhda"]
[Black "Kindinova, Ekaterina"]
[Result "0-1"]
[WhiteElo "1859"]
[BlackElo "1980"]
[PlyCount "52"]
[EventDate "2007.03.17"]
[EventType "swiss"]
[EventRounds "9"]
[EventCountry "RUS"]
[SourceTitle "EXT 2010"]
[Source "ChessBase"]
[SourceDate "2010.11.25"]
[SourceVersion "1"]
[SourceVersionDate "2010.11.25"]
[SourceQuality "1"]

1. e4 c5 2. Nf3 e6 3. d3 Nc6 4. Nbd2 b6 5. g3 Bb7 6. Bg2 Qc7 7. 0-0 Nf6 8. a3 Be7 9. Re1 d5 10. Qe2 h6 11. c3 g5 12. exd5 Nxd5 13. Nc4 0-0-0 14. Nfe5 Bf6 15. Nxc6 Bxc6 16. Rd1 h5 17. a4 h4 18. a5 b5 19. Nd2 hxg3 20. hxg3 Bxc3 21. Ne4 Bd4 22. Bxg5 Rdg8 23. Be3 Bxe3 24. fxe3 f5 25. Nxc5 Qxg3 26. Rd2 Nxe3 0-1

[Event "RUS Cup (Women)"]
[Site "Smolensk"]
[Date "2005.11.28"]
[Round "9"]
[White "Gulinina, Nadezhda"]
[Black "Sinchurina, Tatiana"]
[Result "0-1"]
[WhiteElo "1928"]
[BlackElo "2062"]
[PlyCount "166"]
[EventDate "2005.11.20"]
[EventType "swiss"]
[EventRounds "9"]
[EventCountry "RUS"]
[SourceTitle "CBM 109 Extra"]
[Source "ChessBase"]
[SourceDate "2006.01.03"]
[SourceVersion "2"]
[SourceVersionDate "2006.01.03"]
[SourceQuality "1"]

1. e4 c5 2. Nf3 Nc6 3. d3 g6 4. g3 Bg7 5. Bg2 d5 6. Nbd2 d4 7. 0-0 e5 8. Re1 Nge7 9. a4 a5 10. Nc4 Be6 11. Ncd2 Qd7 12. Ng5 Bg4 13. f3 f6 14. fxg4 fxg5 15. Nb3 b6 16. Bxg5 h6 17. Bc1 0-0-0 18. Nd2 Kb7 19. h3 Nc8 20. Nf3 Nd6 21. Qe2 Rdf8 22. Rf1 Nb4 23. c3 Nc6 24. Bd2 Qe6 25. cxd4 exd4 26. g5 h5 27. Bf4 Nf7 28. Rad1 Nfe5 29. Nd2 Qa2 30. Nc4 Qxa4 31. Ra1 Qb4 32. Rfc1 Nxc4 33. Rxc4 Qb5 34. e5 Re8 35. Re1 Ka7 36. e6 Ne7 37. Qe4 Qa6 38. Bd6 Nf5 39. Qc6 Qc8 40. Qxc8 Rxc8 41. Bf4 Rhe8 42. Rc2 Bf8 43. Rce2 Bd6 44. Bxd6 Nxd6 45. Re5 Re7 46. g4 hxg4 47. hxg4 Kb8 48. Rf1 Kc7 49. Rf6 Rg8 50. Bd5 Ne8 51. Rf7 Kd6 52. Re2 Rg7 53. Bb3 b5 54. Ref2 a4 55. Ba2 Rc7 56. Rxc7 Rxc7 57. Rf8 Re7 58. Rg8 Ng7 59. Rd8+ Kc7 60. Rg8 Nxe6 61. Rxg6 Nf4 62. Rf6 Nh3+ 63. Kg2 Nxg5 64. Kf1 Nh7 65. Rf5 Kb6 66. Bd5 Rg7 67. Rf4 Ka5 68. Ke2 Kb4 69. Kd2 a3 70. bxa3+ Kxa3 71. Kc2 Kb4 72. Bf3 Rd7 73. Be4 Ng5 74. Bf5 Rd6 75. Rf1 c4 76. Rb1+ Kc5 77. Ra1 Rh6 78. dxc4 bxc4 79. Ra5+ Kb4 80. Rd5 Rh2+ 81. Kd1 Kc3 82. Bg6 Rd2+ 83. Kc1 Rg2 0-1

[Event "RUS Cup (Women)"]
[Site "Smolensk"]
[Date "2005.11.25"]
[Round "7"]
[White "Butneva, Larisa"]
[Black "Gulinina, Nadezhda"]
[Result "1/2-1/2"]
[WhiteElo "1963"]
[BlackElo "1928"]
[PlyCount "67"]
[EventDate "2005.11.20"]
[EventType "swiss"]
[EventRounds "9"]
[EventCountry "RUS"]
[SourceTitle "CBM 109 Extra"]
[Source "ChessBase"]
[SourceDate "2006.01.03"]
[SourceVersion "2"]
[SourceVersionDate "2006.01.03"]
[SourceQuality "1"]

1. c4 Nf6 2. Nc3 g6 3. e4 d6 4. g3 Bg7 5. Bg2 e5 6. h3 0-0 7. Nge2 Nc6 8. d3 Ne8 9. Be3 f5 10. Qd2 a6 11. 0-0-0 Bd7 12. Bg5 Nf6 13. Nd5 Ne7 14. Bxf6 Bxf6 15. Nxf6+ Rxf6 16. Qg5 Qf8 17. f4 Rb8 18. Rhf1 b5 19. fxe5 dxe5 20. exf5 h6 21. Qe3 Nxf5 22. Qa7 Rbb6 23. Qxc7 Ne3 24. Rxf6 Rxf6 25. Qxd7 Nxd1 26. Kxd1 Rd6 27. Bd5+ Kh8 28. Qg4 h5 29. Qg5 bxc4 30. Qxe5+ Kh7 31. dxc4 Rf6 32. Nf4 h4 33. Nd3 Rf1+ 34. Ke2 1/2-1/2